Pays et leur capitale - Mort subite #2 - Statistiques

Statistiques générales
  • Ce quiz a été pris 1 942 fois
  • Le résultat moyen est 5 sur 15
Answers on the Grid
Answers color-coded by a green-red scale on the quiz's grid according to % correct below.
Espagne - Barcelone
Bangladesh - Dakar
Vietnam - Hô Chi Minh-Ville
États fédérés de Micronésie - Palikir
Afrique-du-Sud - Bloemfontein
Côte-d'Ivoire - Abidjan
Liechtenstein - Liechtenstein
Chine - Shanghai
Costa-Rica - San José
Syrie - Damas
Pays-Bas - Rotterdam
Turkménistan - Achgabat
Zimbabwe - Maputo
République-du-Congo - Libreville
Danemark - Copenhague
Liberia - Monrovia
Tchad - N'Djamena
Croatie - Zagreb
Paraguay - Sucre
Venezuela - Caracas
Cap-Vert - Praia
Arménie - Erevan
Sainte-Lucie - Kingstown
Nouvelle-Zélande - Auckland
Biélorussie - Minsk
Lituanie - Riga
Mauritanie - Bamako
Gambie - Banjul
Bhoutan - Katmandou
Serbie - Belgrade
 
Statistiques - réponses
Réponse % Correct
Danemark - Copenhague
57%
Croatie - Zagreb
56%
Serbie - Belgrade
48%
Biélorussie - Minsk
45%
Syrie - Damas
41%
Venezuela - Caracas
39%
Arménie - Erevan
36%
Costa-Rica - San José
30%
Tchad - N'Djamena
29%
Cap-Vert - Praia
25%
Turkménistan - Achgabat
22%
Gambie - Banjul
20%
Liberia - Monrovia
20%
Afrique-du-Sud - Bloemfontein
16%
États fédérés de Micronésie - Palikir
16%
Aucun quiz correspondant
Distribution des résultats
% des personnes avec chaque résultat
Percentile par nombre de réponses
Votre historique - résultats
Vous n’avez pas pris ce quiz